REFA Nachrichten Zeitschrift des Verbandes für Arbeitstudien REFA

Saved in:
Bibliographic Details
Format: Serial
Language:German
Published: Darmstadt REFA 1974
Tags: Add Tag
No Tags, Be the first to tag this record!

MARC

LEADER 00000nas2a2200000$$$4500
001 0017800
005 20250730114358.4
041 0 |a ger 
044 |a DE 
245 1 0 |a REFA Nachrichten  |b Zeitschrift des Verbandes für Arbeitstudien REFA 
264 1 |a Darmstadt  |b REFA  |c 1974 
300 |a 1 zv. 
773 0 |w eu_un_cat*0017795